| 000 | 00895nam a2200301Ia 4500 | ||
|---|---|---|---|
| 001 | 8656 | ||
| 003 | IT-RoPAU | ||
| 008 | 130308s9999 xx 000 0 und d | ||
| 040 | _aIT-RoPAU | ||
| 040 | _cIT-RoPAU | ||
| 041 | _aFRANCESE | ||
| 100 | _aVidal-Naquet Pierre | ||
| 100 | _gCodice Aut. SPICS: 41 | ||
| 245 | _aMythe platonicien du politique (Le), les ambiguites de l'age d'or et de l'histoire | ||
| 245 | _bLangue, Discours, Societe'-Pour Emile Benveniste | ||
| 250 | _a1a ed. | ||
| 260 | _aPARIS | ||
| 260 | _bSeuil | ||
| 260 | _c1975 [1° Ed.:1975 - Ed.Ling.Originale:1975] | ||
| 300 | _a"17 p. (prefazione: no ; testo: 17 [pagine: 374-390])" | ||
| 500 | _aMito Platonico della Politica Ambiguità dell'Età d'oro e della Storia | ||
| 650 | _aLINGUISTICA | ||
| 650 | _eCodice materia Spics: 3201 | ||
| 942 | _cBK | ||
| 957 | _71 | ||
| 999 |
_c39413 _d39413 |
||
| 999 | _bSI | ||
| 999 | _g1 | ||